000 01163nmc a2200397 a 4500
003 AR-BaBNM
005 20251128204854.0
008 246019s1996 ||||||||||||||000 | spa||
020 _a950-843-136-9
040 _cAR-BaBNM
245 1 0 _aPoesía argentina de fin de siglo
_n2
260 _aBuenos Aires
_bVinciguerra
_c1996
300 0 _a491 p.
490 0 _aColección Metáfora
500 0 _aContiene índice completo de los autores en p. 7
500 0 _aIndice de los poemas
500 0 _aNotas biobibliográficas
500 1 _aLa presente edición viene acompañada de un estudio preliminar, inventario 098798
650 4 _aLITERATURA ARGENTINA
650 4 _aLITERATURA MODERNA
650 4 _aPOESIA
650 4 _aOBRAS LITERARIAS
650 4 _aCONDICIONES CULTURALES
650 4 _aSIGLO VEINTE
650 4 _aREALISMO
653 0 _aVANGUARDIAS LITERARIAS
655 _aLITERATURA
700 1 _aVinciguerra, Lidia
_ecompilador
700 1 _aAlvarez, Beatriz
700 1 _aBeherán, María Laura
700 1 _aBondoni, Osmar Luis
700 1 _aGeller, Graciela
700 1 _aPicardo, Osvaldo
942 _cBK
998 _cisola
999 _c9134
_d9134